Zväz polygrafie na Slovensku

Bibliographic Details
Main Author: Blubla, Peter (polygraf) (Author)
Format: Article
Language:Slovak
PhysicalDescription:Fotogr.
ISSN:0862-9567
Subjects:

MARC

LEADER 00000nab a2200000 a 4500
001 vtls000665031
003 SK-MaSNL
005 20260302182454.0
008 140228c1998 xo 0 slo
015 |a SNBRB1998/08-22582 
035 |a CLN000017217 
040 |a SNKBUCL  |b slo  |c SNKBUCL  |e AACR2 
041 0 |a slo 
044 |a xo  |c SK 
080 |a 334.78:655:061.2(437.6)  |2 1997 
100 1 |a Blubla, Peter  |c (polygraf)  |4 aut  |9 200108 
245 1 0 |a Zväz polygrafie na Slovensku  |c Peter Blubla 
300 |b Fotogr. 
610 7 |a Zväz polygrafie na Slovensku  |2 snkbucl  |9 894530 
655 7 |a články z novín a časopisov  |2 snkbucl  |9 267496 
773 0 |t Hospodárske noviny  |g Roč. 6, č. 164 (26.8.1998)  |x 0862-9567 
773 0 |t [Príl.] Slovenský zamestnávateľ  |g Roč. 2, č. 7 (1998), s. Z4  |x 0862-9567 
850 |a Slovenská národná knižnica v Martine 
852 |a SNK  |b KIS3GCP 
958 |a SK 
958 |a KL 
992 |a RBX 
999 |c 1418321  |d 1420251